[Event "Modra Arisan (Women) IM"]
[Site "Modra"]
[Date "2019.09.18"]
[Round "6"]
[White "Vrtiakova, Anna"]
[Black "Sucikova, Svetlana"]
[Result "1/2-1/2"]
[WhiteElo "1998"]
[BlackElo "2127"]
[PlyCount "57"]
[EventDate "2019.09.14"]
[EventType "tourn"]
[EventRounds "9"]
[EventCountry "SVK"]
[SourceTitle "EXT 2020"]
[Source "ChessBase"]
[SourceDate "2019.10.17"]
[SourceVersion "1"]
[SourceVersionDate "2019.10.17"]
[SourceQuality "1"]

1. e4 c6 2. Nc3 d5 3. Nf3 g6 4. d4 Bg7 5. e5 Nh6 6. g3 Bg4 7. Bg2 Qb6 8. 0-0 Nf5 9. Ne2 0-0 10. h3 Bxf3 11. Bxf3 e6 12. Bg4 Na6 13. Bxf5 exf5 14. c3 f6 15. exf6 Bxf6 16. Nf4 Rfe8 17. Nd3 Qc7 18. Bf4 Qf7 19. Be5 Re7 20. Qd2 Rae8 21. Rae1 Nb8 22. Bxb8 Rxb8 23. Rxe7 Qxe7 24. Re1 Qf7 25. Ne5 Qg7 26. Nd3 Qf7 27. Ne5 Qg7 28. Nd3 Qf7 29. Ne5 1/2-1/2

[Event "EU-chT U18 Girls"]
[Site "Bad Blankenburg"]
[Date "2018.07.17"]
[Round "6.1"]
[White "Nemcova, Karin"]
[Black "Vrtiakova, Anna"]
[Result "1-0"]
[WhiteElo "2133"]
[BlackElo "1989"]
[PlyCount "95"]
[EventDate "2018.07.12"]
[EventType "team-swiss"]
[EventRounds "7"]
[EventCountry "GER"]
[SourceTitle "EXT 2019"]
[Source "ChessBase"]
[SourceDate "2018.10.10"]
[SourceVersion "1"]
[SourceVersionDate "2018.10.10"]
[SourceQuality "1"]
[WhiteTeam "Czech Republic U18 Girls"]
[BlackTeam "Slovakia U18 Girls"]
[WhiteTeamCountry "CZE"]
[BlackTeamCountry "SVK"]

1. e4 e5 2. Nf3 Nc6 3. d4 exd4 4. Nxd4 Nf6 5. Nxc6 bxc6 6. e5 Qe7 7. Qe2 Nd5 8. c4 Ba6 9. Nd2 g6 10. Nf3 Bg7 11. Bg5 Qb4+ 12. Qd2 Qxd2+ 13. Bxd2 Nb6 14. b3 0-0 15. 0-0-0 Rfe8 16. Bf4 Bb7 17. Bd3 a5 18. a4 Bf8 19. Bc2 Bc5 20. Bg3 h6 21. h4 Rad8 22. h5 g5 23. Nd2 Bd4 24. Nf3 Bc5 25. Nh2 d5 26. Ng4 Kg7 27. e6 Rxe6 28. Bf5 Re2 29. Be5+ Kf8 30. Bd3 Rxe5 31. Nxe5 Re8 32. Rhe1 Bxf2 33. Re2 Bd4 34. Ng6+ fxg6 35. Rf1+ Kg7 36. Rxe8 Bf6 37. Re6 Nd7 38. cxd5 cxd5 39. Bb5 c6 40. Bxc6 Bxc6 41. Rxc6 gxh5 42. Rc7 Kg6 43. Rxd7 Bc3 44. Rd6+ Kg7 45. Rxd5 h4 46. Rd6 Be5 47. Ra6 Bc3 48. Rd1 1-0

[Event "EU-chT U18 Girls"]
[Site "Bad Blankenburg"]
[Date "2018.07.12"]
[Round "1.1"]
[White "Schulze, Lara"]
[Black "Vrtiakova, Anna"]
[Result "1-0"]
[WhiteElo "2187"]
[BlackElo "1989"]
[PlyCount "85"]
[EventDate "2018.07.12"]
[EventType "team-swiss"]
[EventRounds "7"]
[EventCountry "GER"]
[SourceTitle "EXT 2019"]
[Source "ChessBase"]
[SourceDate "2018.10.10"]
[SourceVersion "1"]
[SourceVersionDate "2018.10.10"]
[SourceQuality "1"]
[WhiteTeam "Germany U18 Girls II"]
[BlackTeam "Slovakia U18 Girls"]
[WhiteTeamCountry "GER"]
[BlackTeamCountry "SVK"]

1. e4 c5 2. Nf3 d6 3. d4 cxd4 4. Nxd4 Nf6 5. Nc3 a6 6. Bc4 e6 7. Bb3 Nbd7 8. f4 Nc5 9. Qf3 Qc7 10. 0-0 Be7 11. Be3 0-0 12. g4 b5 13. g5 Nfd7 14. f5 Ne5 15. Qh5 g6 16. Qh3 Nxb3 17. axb3 Re8 18. Ncxb5 Qb7 19. Nc3 exf5 20. exf5 Bf8 21. Rae1 Bd7 22. Qg2 Qxg2+ 23. Kxg2 Rac8 24. Nd5 Bg7 25. f6 Bf8 26. Ra1 Nc6 27. c3 Nxd4 28. Bxd4 Bf5 29. Kf2 Be4 30. Nb6 Rc7 31. Rfe1 Ra7 32. b4 Re6 33. b5 Bd3 34. c4 Rxe1 35. Kxe1 a5 36. Kd2 Be4 37. Nd5 Ra8 38. b6 h6 39. h4 Bf3 40. Nc7 Rb8 41. Rxa5 d5 42. c5 hxg5 43. hxg5 1-0

[Event "Mitropa Cup (Women)"]
[Site "Le Castella"]
[Date "2018.06.05"]
[Round "4.4"]
[White "Muetsch, Annmarie"]
[Black "Vrtiakova, Anna"]
[Result "0-1"]
[WhiteElo "2145"]
[BlackElo "1989"]
[PlyCount "184"]
[EventDate "2018.05.31"]
[EventType "team-tourn"]
[EventRounds "7"]
[EventCountry "ITA"]
[SourceTitle "CBM 184 Extra"]
[Source "ChessBase"]
[SourceDate "2018.06.28"]
[SourceVersion "1"]
[SourceVersionDate "2018.06.28"]
[SourceQuality "1"]
[WhiteTeam "Germany (W)"]
[BlackTeam "Slovakia (W)"]
[WhiteTeamCountry "GER"]
[BlackTeamCountry "SVK"]

1. e4 c5 2. Nf3 d6 3. d4 cxd4 4. Qxd4 Nc6 5. Bb5 Bd7 6. Bxc6 Bxc6 7. Nc3 Nf6 8. Bg5 e6 9. 0-0-0 Be7 10. Kb1 Qc7 11. Rhe1 Rc8 12. Qd2 0-0 13. Nd4 a6 14. f3 b5 15. g4 b4 16. Nce2 a5 17. Ng3 Rfd8 18. Rg1 Bb7 19. Nh5 Ne8 20. Be3 Ba6 21. f4 a4 22. Qxb4 e5 23. Nf5 Qxc2+ 24. Ka1 Bf8 25. Rc1 Qd3 26. Bb6 Rxc1+ 27. Rxc1 Rb8 28. fxe5 dxe5 29. Qa5 Qb5 30. Qxb5 Bxb5 31. Bf2 g6 32. Bg3 f6 33. Nxf6+ Nxf6 34. Bxe5 Rb6 35. Nd4 Nxe4 36. Rc8 Bd7 37. Rd8 Bxg4 38. Ra8 Bd1 39. Kb1 Nc5 40. Bc7 Rf6 41. Kc1 Bg4 42. Kc2 Kf7 43. Ra7 Bd7 44. b4 axb3+ 45. axb3 Ra6 46. Bb8 Rxa7 47. Bxa7 Ne4 48. Kd3 Nd6 49. Nf3 Bf5+ 50. Kd2 Bh6+ 51. Ke1 Nb5 52. Bc5 Ke6 53. Kf2 Be4 54. Ng1 Kd5 55. Be7 Bc2 56. b4 Bf4 57. h4 Nd6 58. Ke2 Bf5 59. Kf3 Bd2 60. Ne2 Bxb4 61. Nf4+ Ke5 62. h5 Bd2 63. hxg6 Bxg6 64. Nh3 Bh5+ 65. Kf2 Ne4+ 66. Kg2 Kf5 67. Ng1 Be3 68. Nf3 Kf4 69. Ne1 Be2 70. Kh3 Bf1+ 71. Kh2 Kg4 72. Ng2 Bf2 73. Bf8 h5 74. Be7 Be2 75. Bb4 Ng3 76. Ne1 Nf1+ 77. Kg2 Bxe1 78. Bxe1 Bc4 79. Bf2 Nd2 80. Be1 Ne4 81. Kh2 Kf3 82. Kh3 Be6+ 83. Kh2 Nf2 84. Kg1 Nd3 85. Bh4 Kg4 86. Bd8 Kg3 87. Bc7+ Nf4 88. Bd8 Bc4 89. Bc7 h4 90. Be5 h3 91. Bxf4+ Kxf4 92. Kh2 Kg4 0-1

[Event "SVK-ch U16/U20 Girls"]
[Site "Liptovsky Mikulas"]
[Date "2018.04.26"]
[Round "8"]
[White "Vrtiakova, Anna"]
[Black "Majirska, Karin"]
[Result "1-0"]
[WhiteElo "2002"]
[BlackElo "1545"]
[PlyCount "107"]
[EventDate "2018.04.21"]
[EventType "swiss"]
[EventRounds "9"]
[EventCountry "SVK"]
[SourceTitle "CBM 184 Extra"]
[Source "ChessBase"]
[SourceDate "2018.06.28"]
[SourceVersion "1"]
[SourceVersionDate "2018.06.28"]
[SourceQuality "1"]

1. e4 c6 2. d4 d5 3. Nc3 dxe4 4. Nxe4 Bf5 5. Ng3 Bg6 6. h4 h6 7. Nf3 Nd7 8. h5 Bh7 9. Bd3 Bxd3 10. Qxd3 e6 11. Bd2 Ngf6 12. 0-0-0 Be7 13. Ne4 Nxe4 14. Qxe4 Nf6 15. Qe2 0-0 16. c4 Qc7 17. Kb1 Rad8 18. Bc3 Qf4 19. Rde1 Qf5+ 20. Qc2 Qxc2+ 21. Kxc2 Ng4 22. Re2 Rd7 23. Nd2 Nf6 24. f3 Bd6 25. g4 Nh7 26. a4 b6 27. b4 Be7 28. c5 Bf6 29. Nb3 Rfd8 30. Rf1 Rd5 31. Re3 Nf8 32. f4 Nd7 33. Rg1 Be7 34. Nd2 Nf8 35. Nf3 Nh7 36. Ne5 Rc8 37. Kb3 Bf6 38. Nf3 Rcd8 39. Kc4 bxc5 40. dxc5 Bxc3 41. Kxc3 Kf8 42. Ne5 Rc8 43. g5 hxg5 44. fxg5 f6 45. gxf6 Nxf6 46. Ng6+ Kf7 47. Ne5+ Kf8 48. Rf1 Ke8 49. h6 Ke7 50. hxg7 Rdd8 51. Ref3 Ne4+ 52. Kc2 Rg8 53. Rf7+ Kd8 54. Rf8+ 1-0

[Event "SVK-ch U16/U20 Girls"]
[Site "Liptovsky Mikulas"]
[Date "2018.04.24"]
[Round "5"]
[White "Tomcikova, Dominika"]
[Black "Vrtiakova, Anna"]
[Result "1-0"]
[WhiteElo "1874"]
[BlackElo "2002"]
[PlyCount "67"]
[EventDate "2018.04.21"]
[EventType "swiss"]
[EventRounds "9"]
[EventCountry "SVK"]
[SourceTitle "CBM 184 Extra"]
[Source "ChessBase"]
[SourceDate "2018.06.28"]
[SourceVersion "1"]
[SourceVersionDate "2018.06.28"]
[SourceQuality "1"]

1. Nf3 c5 2. g3 Nc6 3. Bg2 g6 4. 0-0 Bg7 5. d3 d6 6. Nbd2 e5 7. e4 Nge7 8. Nc4 0-0 9. c3 b5 10. Ne3 Rb8 11. Nc2 Qc7 12. Nh4 Be6 13. f4 f5 14. exf5 Nxf5 15. Nxf5 Bxf5 16. Ne3 Be6 17. Nd5 Qd7 18. Qe2 Rbe8 19. Qc2 Kh8 20. Be3 Bf5 21. Qd2 exf4 22. Bxf4 Ne5 23. Bxe5 dxe5 24. Rae1 c4 25. dxc4 bxc4 26. Qe3 Rb8 27. Rf2 Rfd8 28. Nb4 Rb6 29. Qc5 Rc8 30. Qe3 Rd6 31. Be4 a5 32. Bxf5 gxf5 33. Nc2 Rb8 34. Na3 1-0

[Event "SVK-ch U16/U20 Girls"]
[Site "Liptovsky Mikulas"]
[Date "2018.04.22"]
[Round "3"]
[White "Sankova, Stella"]
[Black "Vrtiakova, Anna"]
[Result "1/2-1/2"]
[WhiteElo "2002"]
[BlackElo "2002"]
[PlyCount "24"]
[EventDate "2018.04.21"]
[EventType "swiss"]
[EventRounds "9"]
[EventCountry "SVK"]
[SourceTitle "CBM 184 Extra"]
[Source "ChessBase"]
[SourceDate "2018.06.28"]
[SourceVersion "1"]
[SourceVersionDate "2018.06.28"]
[SourceQuality "1"]

1. e4 c5 2. Nf3 d6 3. Bb5+ Nd7 4. d4 cxd4 5. Qxd4 e5 6. Qd3 h6 7. c4 Ngf6 8. Nc3 Be7 9. 0-0 0-0 10. Bxd7 Bxd7 11. b3 Rc8 12. Rd1 Bc6 1/2-1/2

[Event "SVK-chT2A 1718"]
[Site "Slovakia"]
[Date "2018.02.24"]
[Round "8.5"]
[White "Vrtiakova, Anna"]
[Black "Danek, Pavol"]
[Result "1/2-1/2"]
[WhiteElo "2020"]
[BlackElo "2218"]
[PlyCount "128"]
[EventDate "2017.10.28"]
[EventType "team-tourn"]
[EventRounds "11"]
[EventCountry "SVK"]
[SourceTitle "EXT 2020"]
[Source "ChessBase"]
[SourceDate "2019.10.17"]
[SourceVersion "1"]
[SourceVersionDate "2019.10.17"]
[SourceQuality "1"]
[WhiteTeam "Bratislava Doprastav II"]
[BlackTeam "Krasnany"]
[WhiteTeamCountry "SVK"]
[BlackTeamCountry "SVK"]

1. e4 d6 2. d4 g6 3. Nf3 Bg7 4. Nc3 c6 5. a4 Bg4 6. Be2 a5 7. 0-0 Nf6 8. h3 Bxf3 9. Bxf3 Nbd7 10. Re1 Qc7 11. Qe2 e5 12. Be3 0-0 13. Rad1 exd4 14. Bxd4 Ne5 15. g3 Rfe8 16. Bg2 Rad8 17. f4 Ned7 18. Qf2 Nh5 19. Kh2 Bxd4 20. Qxd4 Qb6 21. b3 Qxd4 22. Rxd4 Nb6 23. Red1 Nc8 24. e5 d5 25. Ne4 f5 26. exf6 Kf7 27. Ng5+ Kxf6 28. Nxh7+ Kg7 29. Ng5 Re3 30. g4 Nf6 31. c4 Rh8 32. cxd5 Rxb3 33. dxc6 bxc6 34. Kg1 Re8 35. Bxc6 Re2 36. Bf3 Re7 37. Rc1 Nb6 38. Kf2 Ra3 39. Bd1 Ra2+ 40. Rc2 Rxa4 41. Rxa4 Nxa4 42. Rc6 Nb2 43. Bc2 Ra7 44. Ne6+ Kf7 45. Nc5 a4 46. g5 Nd5 47. Bxg6+ Kg7 48. f5 Nf4 49. h4 a3 50. h5 Nh3+ 51. Kg3 Nxg5 52. f6+ Kh6 53. Rc8 a2 54. Nb3 Ne6 55. Na1 Ra3+ 56. Kg4 Ra4+ 57. Kg3 Kg5 58. f7 Rg4+ 59. Kf2 Nd3+ 60. Bxd3 Rf4+ 61. Kg3 Rxf7 62. Rg8+ Rg7 63. Rxg7+ Nxg7 64. Be4 Nxh5+ 1/2-1/2

[Event "Moscow op-A 14th"]
[Site "Moscow"]
[Date "2018.02.02"]
[Round "7"]
[White "Lepaev, Andrey"]
[Black "Vrtiakova, Anna"]
[Result "1/2-1/2"]
[WhiteElo "2144"]
[BlackElo "1963"]
[PlyCount "109"]
[EventDate "2018.01.27"]
[EventType "swiss"]
[EventRounds "9"]
[EventCountry "RUS"]
[SourceTitle "CBM 182 Extra"]
[Source "ChessBase"]
[SourceDate "2018.02.23"]
[SourceVersion "1"]
[SourceVersionDate "2018.02.23"]
[SourceQuality "1"]

1. d4 Nf6 2. c4 e6 3. g3 d5 4. Nf3 Bb4+ 5. Bd2 Bd6 6. Bg2 c6 7. 0-0 Nbd7 8. Bf4 Qc7 9. Bxd6 Qxd6 10. Nfd2 0-0 11. Nc3 Qe7 12. e4 dxc4 13. Nxc4 e5 14. d5 Nb6 15. Ne3 Rd8 16. Qb3 cxd5 17. exd5 Ng4 18. Rac1 Bd7 19. h3 Nf6 20. Rfd1 Rab8 21. Nb5 Bxb5 22. Qxb5 g6 23. Qa5 Rd6 24. Qb4 Rbd8 25. Rc2 Qd7 26. Rcd2 Rc8 27. Kh2 Rd8 28. a4 a5 29. Qxa5 Nxa4 30. Nc4 Ra6 31. Qb4 Re8 32. Re1 e4 33. Red1 b5 34. Na3 Nb6 35. Qxb5 Qxb5 36. Nxb5 Nbxd5 37. Rxd5 Nxd5 38. Rxd5 Ra2 39. Nd6 Rb8 40. Nxe4 Rbxb2 41. Rd8+ Kg7 42. Rd7 Rc2 43. g4 h6 44. h4 Ra4 45. g5 hxg5 46. hxg5 Rcc4 47. Nf6 Rc2 48. Kg3 Ra3+ 49. f3 Ra4 50. f4 Ra3+ 51. Bf3 Rcc3 52. Rd8 Rxf3+ 53. Kg2 Ra2+ 54. Kxf3 Rf2+ 55. Kxf2 1/2-1/2

[Event "Moscow op-A 14th"]
[Site "Moscow"]
[Date "2018.02.01"]
[Round "6"]
[White "Vinogradov, Vladimir"]
[Black "Vrtiakova, Anna"]
[Result "1/2-1/2"]
[WhiteElo "2120"]
[BlackElo "1963"]
[PlyCount "52"]
[EventDate "2018.01.27"]
[EventType "swiss"]
[EventRounds "9"]
[EventCountry "RUS"]
[SourceTitle "CBM 182 Extra"]
[Source "ChessBase"]
[SourceDate "2018.02.23"]
[SourceVersion "1"]
[SourceVersionDate "2018.02.23"]
[SourceQuality "1"]

1. Nf3 Nf6 2. g3 d5 3. Bg2 Bf5 4. 0-0 e6 5. d3 Bd6 6. Nbd2 h6 7. Re1 Bh7 8. e4 dxe4 9. Nxe4 Nxe4 10. dxe4 0-0 11. c3 c5 12. e5 Be7 13. Nd2 Qc7 14. Nc4 Nc6 15. Be4 b5 16. Nd6 a6 17. Bf4 g5 18. Qg4 Bxe4 19. Nxe4 Nxe5 20. Bxe5 Qxe5 21. f4 Qf5 22. Qxf5 exf5 23. Nxg5 Bxg5 24. fxg5 hxg5 25. Re5 c4 26. Rxf5 f6 1/2-1/2

[Event "Moscow op-A 14th"]
[Site "Moscow"]
[Date "2018.01.27"]
[Round "1"]
[White "Vrtiakova, Anna"]
[Black "Demianjuk, Alexander"]
[Result "0-1"]
[WhiteElo "1963"]
[BlackElo "2333"]
[PlyCount "62"]
[EventDate "2018.01.27"]
[EventType "swiss"]
[EventRounds "9"]
[EventCountry "RUS"]
[SourceTitle "CBM 182 Extra"]
[Source "ChessBase"]
[SourceDate "2018.02.23"]
[SourceVersion "1"]
[SourceVersionDate "2018.02.23"]
[SourceQuality "1"]

1. c4 e5 2. Nc3 Nf6 3. Nf3 Nc6 4. g3 Bb4 5. Bg2 0-0 6. 0-0 d6 7. d3 Re8 8. a3 Bxc3 9. bxc3 e4 10. Ng5 exd3 11. exd3 Bg4 12. Bf3 Bf5 13. Bg2 Qd7 14. f4 Rad8 15. Rb1 b6 16. Qc2 Na5 17. Ne4 Nxe4 18. dxe4 Bh3 19. Bxh3 Qxh3 20. Qd3 Qe6 21. Re1 f5 22. Bd2 fxe4 23. Qd4 c5 24. Qd5 Nxc4 25. Qxe6+ Rxe6 26. Bc1 d5 27. a4 e3 28. Kg2 d4 29. cxd4 cxd4 30. Kf3 d3 31. Bxe3 Rxe3+ 0-1

[Event "Rilton Cup 47th"]
[Site "Stockholm"]
[Date "2018.01.01"]
[Round "5"]
[White "Vrtiakova, Anna"]
[Black "Marzano, Carlo"]
[Result "0-1"]
[WhiteElo "1942"]
[BlackElo "2261"]
[PlyCount "160"]
[EventDate "2017.12.27"]
[EventType "swiss"]
[EventRounds "9"]
[EventCountry "SWE"]
[SourceTitle "CBM 182 Extra"]
[Source "ChessBase"]
[SourceDate "2018.02.23"]
[SourceVersion "1"]
[SourceVersionDate "2018.02.23"]
[SourceQuality "1"]

1. e4 e5 2. Nf3 Nf6 3. Nc3 Nc6 4. Bb5 Bd6 5. 0-0 0-0 6. a4 Re8 7. d3 a6 8. Bc4 h6 9. Ne2 Bf8 10. Ng3 d5 11. Ba2 Be6 12. Qe2 Qd7 13. c3 Rad8 14. h3 dxe4 15. dxe4 Bxa2 16. Rxa2 Qe6 17. b4 a5 18. b5 Nb8 19. c4 Nbd7 20. Bd2 b6 21. Bc3 g6 22. Rd1 Bd6 23. Ne1 Nc5 24. f3 Bf8 25. Rxd8 Rxd8 26. Nf1 Nh5 27. Ne3 Nf4 28. Qc2 Bd6 29. Nd5 f6 30. Bd2 Kh7 31. Be3 Qf7 32. Kh2 Re8 33. Qd1 Nxd5 34. cxd5 Nd7 35. Nd3 f5 36. Rf2 Nf6 37. Rf1 Rf8 38. Kg1 Qg7 39. Nf2 Nh5 40. Qc2 Qe7 41. Rc1 f4 42. Bd2 Nf6 43. Nd3 g5 44. Kf2 Rg8 45. Ke2 h5 46. Rh1 Rg7 47. Qc1 Qe8 48. Qa1 Nd7 49. Bc3 Kg8 50. Bb2 Re7 51. Qc1 Qg6 52. Qe1 Nf6 53. Kf2 Nxd5 54. Qa1 Nb4 55. Nxb4 Bc5+ 56. Ke2 axb4 57. Qd1 Qe6 58. Qd8+ Kf7 59. Rd1 Qc4+ 60. Qd3 Qa2 61. Qd5+ Qxd5 62. Rxd5 Bd6 63. Kd3 Ke6 64. Kc4 g4 65. hxg4 hxg4 66. Rd3 Rh7 67. fxg4 Rh2 68. Rh3 Rxg2 69. Rh6+ Ke7 70. Ba1 Ra2 71. Rh1 Kf6 72. Rg1 Kg5 73. Kd5 f3 74. Bxe5 Rd2+ 75. Ke6 Bxe5 76. Kxe5 f2 77. Rf1 Kxg4 78. Kf6 Kf3 79. e5 Re2 80. e6 Re1 0-1

[Event "Rilton Cup 47th"]
[Site "Stockholm"]
[Date "2017.12.27"]
[Round "1"]
[White "Vrtiakova, Anna"]
[Black "Evertsson, Lennart"]
[Result "1-0"]
[WhiteElo "1942"]
[BlackElo "2211"]
[PlyCount "87"]
[EventDate "2017.12.27"]
[EventType "swiss"]
[EventRounds "9"]
[EventCountry "SWE"]
[SourceTitle "CBM 182 Extra"]
[Source "ChessBase"]
[SourceDate "2018.02.23"]
[SourceVersion "1"]
[SourceVersionDate "2018.02.23"]
[SourceQuality "1"]

1. e4 c5 2. Nf3 e6 3. d4 cxd4 4. Nxd4 a6 5. Nc3 Qc7 6. a3 Nf6 7. Be3 b5 8. Bd3 Bb7 9. 0-0 d6 10. f4 Nbd7 11. Qe2 Be7 12. Kh1 0-0 13. Rae1 Rac8 14. Bc1 Rfd8 15. g4 Nf8 16. g5 N6d7 17. Qf2 Re8 18. f5 exf5 19. Nxf5 Ne5 20. Qg3 Nfg6 21. Nxe7+ Rxe7 22. Re2 Rce8 23. Ref2 Qc5 24. Be3 Qc8 25. Bd4 Qe6 26. Kg1 Bc6 27. Rf5 Rb7 28. Ne2 Qc8 29. Bc3 Bd7 30. R5f2 Bh3 31. Rd1 Bg4 32. Rdf1 Bxe2 33. Rxe2 Qc5+ 34. Qf2 Nf3+ 35. Kh1 Nxg5 36. Bd4 Qc8 37. Bxg7 Qh3 38. Bf6 Ne6 39. Re3 Qh5 40. Rg3 Qc5 41. Qd2 Rd7 42. Qh6 Rb8 43. Rf5 d5 44. Rh5 1-0

[Event "EU-chT (Women) 21st"]
[Site "Heraklion"]
[Date "2017.11.04"]
[Round "7.4"]
[White "Vrtiakova, Anna"]
[Black "Vanduyfhuys, Daria"]
[Result "0-1"]
[WhiteElo "1994"]
[BlackElo "1737"]
[PlyCount "208"]
[EventDate "2017.10.28"]
[EventType "team-swiss"]
[EventRounds "9"]
[EventCountry "GRE"]
[SourceTitle "CBM 181 Extra"]
[Source "ChessBase"]
[SourceDate "2017.12.12"]
[SourceVersion "1"]
[SourceVersionDate "2017.12.12"]
[SourceQuality "1"]
[WhiteTeam "Slovakia (W)"]
[BlackTeam "Belgium (W)"]
[WhiteTeamCountry "SVK"]
[BlackTeamCountry "BEL"]

1. e4 c5 2. Nf3 Nc6 3. d4 cxd4 4. Nxd4 e5 5. Nb5 d6 6. N1c3 a6 7. Na3 Be7 8. Nc4 b5 9. Ne3 Nf6 10. g3 Be6 11. Bg2 Rc8 12. Ncd5 0-0 13. 0-0 g6 14. c3 Na5 15. Kh1 Nc4 16. a4 Nxd5 17. Nxd5 Bxd5 18. exd5 f5 19. Qe2 Qd7 20. b3 Nb6 21. Be3 Bd8 22. a5 Na8 23. Bd2 Nc7 24. c4 Bf6 25. Rac1 bxc4 26. bxc4 Ne8 27. Rb1 Bd8 28. Rfc1 Nf6 29. Bb4 Qe7 30. Rb2 Nd7 31. Rcb1 Rf7 32. Bh3 Nc5 33. Bg2 Kg7 34. Bd2 Qd7 35. f4 e4 36. Bc3+ Kf8 37. Rc2 Nb7 38. g4 Nc5 39. gxf5 gxf5 40. Bh3 Bf6 41. Bd2 Bd4 42. Be3 Bxe3 43. Qxe3 Qd8 44. Qc3 Qf6 45. Qe3 Rfc7 46. Rg2 Rg7 47. Rxg7 Kxg7 48. Rg1+ Kf7 49. Rg5 Qa1+ 50. Qg1 Qxg1+ 51. Kxg1 Rb8 52. Rxf5+ Ke7 53. Rh5 e3 54. Kf1 Rb2 55. Bg4 Rf2+ 56. Kg1 Ne4 57. Rh3 e2 58. Bxe2 Rxe2 59. Rxh7+ Kf6 60. Ra7 Nc5 61. Ra8 Re4 62. Rd8 Ke7 63. Rg8 Rxf4 64. Kg2 Rxc4 65. Rh8 Rd4 66. Rh7+ Kf6 67. Rh6+ Ke5 68. Rh5+ Ke4 69. Rh4+ Kxd5 70. Rh5+ Ke6 71. h4 Rf4 72. Kg3 Rf6 73. Rh8 d5 74. Re8+ Kf5 75. Kf3 d4 76. Rd8 Ne6 77. Rd5+ Kg6+ 78. Ke4 Rf4+ 79. Kd3 Rf3+ 80. Kd2 Rf5 81. Rd6 Kf6 82. Rxa6 Ke5 83. Ra8 Ke4 84. Re8 Kd5 85. a6 Rf2+ 86. Ke1 Ra2 87. h5 Rxa6 88. Rg8 Nf4 89. Kd2 Ra2+ 90. Ke1 Rh2 91. Rd8+ Ke4 92. Re8+ Kd3 93. Ra8 Rxh5 94. Ra3+ Kc2 95. Ra2+ Kb3 96. Ra8 d3 97. Rb8+ Kc4 98. Rc8+ Rc5 99. Rf8 Ne6 100. Rf6 Nd4 101. Kd2 Rf5 102. Ra6 Rf2+ 103. Kd1 Kc3 104. Ra3+ Nb3 0-1

[Event "EU-chT (Women) 21st"]
[Site "Heraklion"]
[Date "2017.11.01"]
[Round "5.4"]
[White "Vrtiakova, Anna"]
[Black "Kalaiyalahan, Akshaya"]
[Result "0-1"]
[WhiteElo "1994"]
[BlackElo "2026"]
[PlyCount "100"]
[EventDate "2017.10.28"]
[EventType "team-swiss"]
[EventRounds "9"]
[EventCountry "GRE"]
[SourceTitle "CBM 181 Extra"]
[Source "ChessBase"]
[SourceDate "2017.12.12"]
[SourceVersion "1"]
[SourceVersionDate "2017.12.12"]
[SourceQuality "1"]
[WhiteTeam "Slovakia (W)"]
[BlackTeam "England (W)"]
[WhiteTeamCountry "SVK"]
[BlackTeamCountry "ENG"]

1. e4 c5 2. Nf3 Nc6 3. d4 cxd4 4. Nxd4 g6 5. Nc3 Bg7 6. Be3 Nf6 7. Bc4 0-0 8. Bb3 d6 9. f3 a6 10. Qd2 Na5 11. 0-0 b5 12. a4 Nxb3 13. Nxb3 b4 14. Ne2 a5 15. Rfd1 Nd7 16. c3 bxc3 17. Nxc3 Ne5 18. Qf2 Nc4 19. Bd4 Bxd4 20. Qxd4 Be6 21. Nd5 Bxd5 22. exd5 Qb6 23. Qxb6 Nxb6 24. Nd4 Rfc8 25. Nb5 Rc5 26. Nc3 Rac8 27. Re1 Nxd5 28. Nxd5 Rxd5 29. Rxe7 Rd2 30. Re4 h5 31. b4 Rcc2 32. bxa5 Rxg2+ 33. Kh1 Rxh2+ 34. Kg1 Rcg2+ 35. Kf1 Rg5 36. Ra3 Rxa5 37. Rb3 Rc5 38. Kg1 Ra2 39. Rb1 Kg7 40. Rd4 d5 41. Rbd1 Rc4 42. Rxd5 Rcxa4 43. R1d2 Rxd2 44. Rxd2 g5 45. Kg2 Kg6 46. Rd8 Kf5 47. Kg3 h4+ 48. Kg2 Kf4 49. Rd3 f5 50. Rb3 Ra2+ 0-1

[Event "EU-chT (Women) 21st"]
[Site "Heraklion"]
[Date "2017.10.29"]
[Round "2.4"]
[White "Walta, Paivi"]
[Black "Vrtiakova, Anna"]
[Result "0-1"]
[WhiteElo "1672"]
[BlackElo "1994"]
[PlyCount "44"]
[EventDate "2017.10.28"]
[EventType "team-swiss"]
[EventRounds "9"]
[EventCountry "GRE"]
[SourceTitle "CBM 181 Extra"]
[Source "ChessBase"]
[SourceDate "2017.12.12"]
[SourceVersion "1"]
[SourceVersionDate "2017.12.12"]
[SourceQuality "1"]
[WhiteTeam "Finland (W)"]
[BlackTeam "Slovakia (W)"]
[WhiteTeamCountry "FIN"]
[BlackTeamCountry "SVK"]

1. e4 c5 2. c3 d5 3. exd5 Qxd5 4. Nf3 g6 5. d4 Bg7 6. Be2 Nf6 7. 0-0 0-0 8. Na3 Bg4 9. h3 Bf5 10. Be3 cxd4 11. Nxd4 Nc6 12. Nxf5 Qxf5 13. Qb3 b6 14. Rad1 Rad8 15. Qa4 Qe6 16. Bc4 Qe4 17. Qb5 Ne5 18. Be2 Rd5 19. Rxd5 Nxd5 20. Bd4 Nf4 21. f3 Qxe2 22. Qxe2 Nxe2+ 0-1

[Event "Wch U18 Girls"]
[Site "Montevideo"]
[Date "2017.09.22"]
[Round "7"]
[White "Quevedo, Andreina"]
[Black "Vrtiakova, Anna"]
[Result "1/2-1/2"]
[WhiteElo "1779"]
[BlackElo "1895"]
[PlyCount "64"]
[EventDate "2017.09.17"]
[EventType "swiss"]
[EventRounds "11"]
[EventCountry "URU"]
[SourceTitle "CBM 180 Extra"]
[Source "ChessBase"]
[SourceDate "2017.10.06"]
[SourceVersion "1"]
[SourceVersionDate "2017.10.06"]
[SourceQuality "1"]

1. e4 c5 2. Nf3 d6 3. d4 cxd4 4. Nxd4 Nf6 5. Nc3 a6 6. Be2 e5 7. Nb3 Be7 8. 0-0 0-0 9. Be3 Be6 10. f4 exf4 11. Rxf4 Nc6 12. Nd5 Ne5 13. Bb6 Qd7 14. c3 Rac8 15. a4 Nc4 16. Bxc4 Rxc4 17. Nxf6+ Bxf6 18. Nd4 Re8 19. a5 Be5 20. Rf1 Bg4 21. Qd3 d5 22. b3 Rcc8 23. Rae1 Qd6 24. h3 Bd7 25. Qf3 dxe4 26. Rxe4 Qg6 27. Rfe1 f6 28. R4e3 Qf7 29. b4 Rxc3 30. Rxc3 Bxd4+ 31. Bxd4 Rxe1+ 32. Kf2 Qe8 1/2-1/2

[Event "Wch U18 Girls"]
[Site "Montevideo"]
[Date "2017.09.20"]
[Round "5"]
[White "Stanciu, Andreea Briana"]
[Black "Vrtiakova, Anna"]
[Result "1/2-1/2"]
[WhiteElo "1993"]
[BlackElo "1895"]
[PlyCount "25"]
[EventDate "2017.09.17"]
[EventType "swiss"]
[EventRounds "11"]
[EventCountry "URU"]
[SourceTitle "CBM 180 Extra"]
[Source "ChessBase"]
[SourceDate "2017.10.06"]
[SourceVersion "1"]
[SourceVersionDate "2017.10.06"]
[SourceQuality "1"]

1. e4 c5 2. Nf3 d6 3. d4 cxd4 4. Nxd4 Nf6 5. Nc3 a6 6. Be2 e5 7. Nf3 h6 8. a4 Be7 9. h3 Be6 10. Be3 Nbd7 11. 0-0 0-0 12. Nd2 Rc8 13. f4 1/2-1/2

[Event "Wch U18 Girls"]
[Site "Montevideo"]
[Date "2017.09.18"]
[Round "2"]
[White "Vrtiakova, Anna"]
[Black "Zuniga Lara, Catalina Paz"]
[Result "1-0"]
[WhiteElo "1895"]
[BlackElo "1613"]
[PlyCount "87"]
[EventDate "2017.09.17"]
[EventType "swiss"]
[EventRounds "11"]
[EventCountry "URU"]
[SourceTitle "CBM 180 Extra"]
[Source "ChessBase"]
[SourceDate "2017.10.06"]
[SourceVersion "1"]
[SourceVersionDate "2017.10.06"]
[SourceQuality "1"]

1. e4 c6 2. d4 d5 3. Nc3 b5 4. e5 Bf5 5. g4 Bg6 6. h4 h6 7. h5 Bh7 8. e6 fxe6 9. Nf3 Nd7 10. Bd3 Qc7 11. Bxh7 Rxh7 12. Qd3 Rh8 13. Qg6+ Kd8 14. Qxe6 Qd6 15. Qxd6 exd6 16. Nh4 Ne7 17. Bf4 Kc7 18. 0-0-0 Nf6 19. f3 Rg8 20. Bg3 g5 21. hxg6 Nxg6 22. Nf5 Re8 23. Nxh6 Bxh6+ 24. Rxh6 Re3 25. Rh3 Kd7 26. Bf2 Re7 27. Re1 Rf7 28. Be3 Ne8 29. Ne2 Nf6 30. Ng3 Ne7 31. g5 Nh7 32. f4 Nf8 33. Nh5 Kc7 34. Nf6 Rgg7 35. Ne8+ Kd7 36. Nxg7 Rxg7 37. Bd2 Nf5 38. Rh8 Ne6 39. Ra8 Rg6 40. Rxa7+ Kc8 41. Rf7 Neg7 42. Rh1 Kd8 43. Rh8+ Ne8 44. Rxf5 1-0